LIBRARY & INFORMATION CENTRE, KCAET, TAVANUR

ONLINE PUBLIC ACCESS CATALOGUE (OPAC)

Development of low cost electrostatic spray - charging system for liquid formulations (Record no. 15093)

MARC details
000 -LEADER
fixed length control field 00874nam a22001817a 4500
003 - CONTROL NUMBER IDENTIFIER
control field OSt
088 ## - REPORT NUMBER
Report number T 344
100 ## - MAIN ENTRY--AUTHOR NAME
Personal name DIPAK S. KHATAWKAR
245 ## - TITLE STATEMENT
Title Development of low cost electrostatic spray - charging system for liquid formulations
260 ## - PUBLICATION, DISTRIBUTION, ETC. (IMPRINT)
Place of publication Tavanur 2016
Name of publisher Department of Farm Power, Machinery and Energy
300 ## - PHYSICAL DESCRIPTION
Number of Pages 80
500 ## - GENERAL NOTE
General note Development of low cost electrostatic spray - charging system for liquid formulations
520 ## - SUMMARY, ETC.
Summary, etc to develop a low cost electrostatic nozzle and charging system compatible to a DC power source, study the dynamic charge acquisition, spray chargeability and depositional characteristics of the charged spray on plant targets of the developed system.
700 ## - ADDED ENTRY--PERSONAL NAME
Personal name Dr. Dhalin D (Guide)
856 ## - ELECTRONIC LOCATION AND ACCESS
Uniform Resource Identifier https://drive.google.com/open?id=1izykS0Jo9s9IMnuC2dsCINGd0clh8KEt
942 ## - ADDED ENTRY ELEMENTS (KOHA)
Koha item type Theses
Holdings
Collection code Home library Current library Shelving location Full call number Accession Number Koha item type Public note
Reference KAUAET KAUAET Reference 631.3 DIP/DE T 344 Theses M.Tech Thesis
free website counter